Modernizing the Surveillance Mandate and Modalities.

This paper reviews the status of financing for the Fund's concessional lending and debt relief activities for low-income countries (LICs). It is based on the latest available data and projections, and it takes into account the commitments made so far in response to the Managing Director's...

全面介绍

书目详细资料
企业作者: International Monetary Fund
格式: 杂志
语言:English
出版: Washington, D.C. : International Monetary Fund, 2010.
丛编:Policy Papers; Policy Paper ; No. 2010/031
在线阅读:Full text available on IMF
LEADER 02103cas a2200241 a 4500
001 AALejournalIMF020050
008 230101c9999 xx r poo 0 0eng d
020 |c 5.00 USD 
020 |z 9781498337588 
022 |a 2663-3493 
040 |a BD-DhAAL  |c BD-DhAAL 
110 2 |a International Monetary Fund. 
245 1 0 |a Modernizing the Surveillance Mandate and Modalities. 
264 1 |a Washington, D.C. :  |b International Monetary Fund,  |c 2010. 
300 |a 1 online resource (23 pages) 
490 1 |a Policy Papers 
500 |a <strong>Off-Campus Access:</strong> No User ID or Password Required 
500 |a <strong>On-Campus Access:</strong> No User ID or Password Required 
506 |a Electronic access restricted to authorized BRAC University faculty, staff and students 
520 3 |a This paper reviews the status of financing for the Fund's concessional lending and debt relief activities for low-income countries (LICs). It is based on the latest available data and projections, and it takes into account the commitments made so far in response to the Managing Director's fund-raising request of August 2009. The paper is organized as follows. Section II summarizes: (i) the comprehensive reforms of the Fund's concessional lending instruments and the associated financing framework that have become effective since the last review; and (ii) the measures that the Board recently endorsed to facilitate the needed mobilization of loan resources. Section III on the financing of PRGT operations begins by reviewing the projected financing needs established in July 2009 in light of recent commitments under the PRGT, and then considers the status of loan and subsidy resources, before discussing developments in the PRGT Reserve Account. Sections IV and V provide updates on the subsidization of emergency assistance and the financing of debt relief under the HIPC and MDRI. 
538 |a Mode of access: Internet 
830 0 |a Policy Papers; Policy Paper ;  |v No. 2010/031 
856 4 0 |z Full text available on IMF  |u http://elibrary.imf.org/view/journals/007/2010/031/007.2010.issue-031-en.xml  |z IMF e-Library